01429agaaa2200301 45000010005000000030009000050050017000140070009000310080040000400400023000800410013001031000044001161300011001602400018001712450082001892460011002712500022002822600142003043000034004465080109004805110087005895200257006765380016009335460013009496500056009627000056010187000053010742586IT-RoPAU20220918181249.0d cvaizq50131s9999||||xx ||| | || ||und|| aIT-RoPAUcIT-RoPAU aITALIANO aBesson LucgCodice regista SPICS: 38075 aNIKITA aNIKITAgT2486 aNIKITAcDiretto da: Besson LucpNIKITA (Rif. Codice opera principale : B2586) aNIKITA aEdizione Standard aITALIA (STATI UNITI)bCECCHI GORI GROUP - GER CINEMAT. - RAI / Distribuzione: PENTA FILMg"1990 (1° ed.: 1992 ; Ed. Lingua Orig.: 1990)" aVHSbsonoro, col.c115 minuti a"Fotografia: Arbogast Thierry; Montaggio: Mauffroy Olivier; Musica: Serra Eric; Scenografia: Weil Dan; " a"Parillaud Anne; Anglade(Jean-Hugues; Karyo Tcheky; Moreau Jeanne; Leroy Philippe" aFEMMINILITA' COSTRETTA A TRASFORMARSI IN VIOLENZA. TENEREZZA SOFFOCATA DALTERRORE. CONOSCERE LA MORTE E RITORNARE A VIVERE A PATTO CHE SI SIA DISPOSTI AD ACCETTARE LE REGOLE: LA PROPRIA VITA IN CAMBIO DI QUELLA ALTRUI. NIKITA: ANCHE UN KILLER SA AMARE. aPAL, STEREO aITALIANO aDRAMMATICOeFILMS [VHS]xCodice MATERIA SPICS: 9960 aBesson Luc e(regista)gCodice regista SPICS: 38075 aSerra Erice(musica)gCodice Musica SPICS: 22586